Europe countries that start from A - F - Statistics

General Stats
  • This quiz has been taken 35 times
  • The average score is 12 of 13
Answer Stats
Hint Answer % Correct
A albania
100%
A austria
94%
B belarus
94%
B belgium
94%
E estonia
94%
F finland
94%
A andorra
91%
B bulgaria
91%
C croatia
91%
D denmark
91%
F france
91%
B bosnia and herzegovina
85%
C czechia
79%
No matching quizzes found
Score Distribution
Percent of People with Each Score
Percentile by Number Answered
Your Score History
You have not taken this quiz